000
00314nam a2200145Ia 4500
100
_a
Sharma./S.P
942
_c
BK
654
_a
maintenace and repair
245
_a
VCR:principles
260
_b
Tata McGraw Hill
_a
New Delhi
_c
1990
082
_a
621.388
_b
SHA
300
_a
141
546
_a
ENGLISH
999
_c
18155
_d
18155